| 000 | 00433pab a2200145 454500 | ||
|---|---|---|---|
| 008 | 180718b2015 xxu||||| |||| 00| 0 eng d | ||
| 100 | _aTeelken, Christine | ||
| 245 | _aHybridity, coping mechanisms, and academic performance management: comparing three countries | ||
| 260 | _c2015 | ||
| 300 | _ap.307-323. | ||
| 650 | _aHigher education | ||
| 650 | _aPerformance appraisal | ||
| 773 | _aPublic Administration | ||
| 909 | _a108762 | ||
| 999 |
_c108757 _d108757 |
||